[Event "Ogolnopolska Olimpiada Mlodziezy D-12"]
[Site "Spala"]
[Date "1899-12-30"]
[Round "6.9"]
[White "Malicka, Maria"]
[Black "Raczykowska, Paulina"]
[Result "1/2-1/2"]
[WhiteTitle "I"]
[BlackTitle "II+"]
[WhiteElo "1408"]
[BlackElo "1228"]

1. e4 e5 2. Nf3 Nc6 3. Bc4 Bc5 4. c3 Nf6 5. d3 a6 6. Bb3 Ba7 7. O-O O-O 8. Bg5
h6 9. Bh4 d6 10. Nbd2 Qe7 11. Re1 Be6 12. Nf1 Kh8 13. Qd2 Bxb3 14. axb3 Qe6 15.
Ne3 Ne7 16. Bxf6 Qxf6 17. Nd5 Nxd5 18. exd5 Rfe8 19. Ra4 c6 20. dxc6 bxc6 21.
Rea1 Rab8 22. Rxa6 Bb6 23. b4 d5 24. Ne1 e4 25. d4 Bc7 26. g3 Re6 27. Ra8 Rbe8
28. Rxe8+ Rxe8 29. Kg2 Qg6 30. Qe2 f5 31. Ra7 Bb8 32. Ra6 f4 33. Kg1 f3 34. Qe3
Rf8 35. Kh1 Qe6 36. Ra8 Bd6 37. Rxf8+ Bxf8 38. Nxf3 Qh3 39. Ng1 Qf1 40. Qe2 Qxe2
41. Nxe2 g5 42. Kg2 Kg7 43. g4 Bd6 44. h3 Kf6 45. Kf1 Ke6 46. Ke1 Kd7 47. Kd2
Kd8 48. Kc2 Kc7 49. Kb3 Kb6 50. Ka4 Ka6 51. b3 Bf4 52. c4 Bd2 53. Ng3 Be1 54.
Nh1 Bc3 55. cxd5 cxd5 56. b5+ Kb6 1/2-1/2

[Event "Ogolnopolska Olimpiada Mlodziezy D-12"]
[Site "Spala"]
[Date "1899-12-30"]
[Round "6.10"]
[White "Choinska, Debora"]
[Black "Jarocka, Liwia"]
[Result "1/2-1/2"]
[WhiteTitle "II"]
[BlackTitle "I"]
[WhiteElo "1297"]
[BlackElo "1341"]

1. e4 e5 2. Nf3 Nc6 3. c3 Nf6 4. d4 exd4 5. e5 Nd5 6. cxd4 Bb4+ 7. Bd2 Bxd2+ 8.
Qxd2 d6 9. Bb5 O-O 10. O-O Bg4 11. Bxc6 bxc6 12. Qd1 f6 13. exd6 cxd6 14. h3 Bh5
15. Nbd2 Rb8 16. b3 Bg6 17. Re1 Re8 18. Nf1 Nc3 19. Qd2 Ne4 20. Qc1 Qd7 21. N1d2
d5 22. Nh4 Bf7 23. Nf1 g5 24. Nf3 Kh8 25. N3h2 Be6 26. f3 Nd6 27. Qd2 Rg8 28.
Ne3 Rbf8 29. Qe2 Rg7 30. Kh1 h5 31. Rac1 Nf5 32. Nxf5 Bxf5 33. Rc3 g4 34. fxg4
hxg4 35. hxg4 Bxg4 36. Nxg4 Rxg4 37. Rh3+ Kg7 38. Qe7+ Rf7 39. Qe3 Rg6 40. Qe8
Qxe8 41. Rxe8 Rc7 42. Reh8 Kf7 43. R3h7+ Rg7 44. Rxg7+ Kxg7 45. Rb8 Kg6 46. Kg1
Kf5 47. Rh8 Ke4 48. Rh4+ Kf5 49. Kf2 Kg5 50. g3 c5 51. Ke3 c4 52. Kd2 cxb3 53.
axb3 Kf5 54. Rf4+ Ke5 1/2-1/2

[Event "Ogolnopolska Olimpiada Mlodziezy D-12"]
[Site "Spala"]
[Date "1899-12-30"]
[Round "6.11"]
[White "Rudzinska, Michalina"]
[Black "Wagner, Klaudia"]
[Result "1-0"]
[WhiteTitle "I"]
[BlackTitle "II"]
[WhiteElo "1544"]
[BlackElo "1271"]

1. e4 e6 2. d4 d5 3. Nd2 c5 4. exd5 exd5 5. Ngf3 Bd6 6. dxc5 Bxc5 7. Nb3 Bd6 8.
Nbd4 Bd7 9. Bd3 Nc6 10. O-O Nge7 11. c3 O-O 12. h3 h6 13. Re1 Nxd4 14. Nxd4 Nc6
15. Nf5 Be6 16. Nxd6 Qxd6 17. Qf3 Rfe8 18. Bf4 Qd7 19. Rad1 Rad8 20. Bc2 Rc8 21.
Qg3 Kh8 22. Qd3 f5 23. Ba4 Rf8 24. Qe3 Rf6 25. Be5 Rg6 26. h4 Rg4 27. Bxc6 Rxc6
28. Qxh6+ Kg8 29. Qe3 Rxh4 30. a3 Qf7 31. Bg3 Rh6 32. Bf4 Rh4 33. g3 Rh3 34. Kg2
Qh5 35. Rh1 Rxh1 36. Rxh1 Qf7 37. Qxa7 Rc4 38. Qe3 d4 39. Qd3 Bd5+ 40. f3 dxc3
41. bxc3 Qe6 42. Rd1 Rc5 43. Be3 Ra5 44. c4 Bc6 45. Qd8+ Kf7 46. Qxa5 Qxe3 47.
Qxf5+ Ke7 48. Kf1 Qc3 49. Re1+ Kd6 50. c5+ Kc7 51. Qe5+ Qxe5 52. Rxe5 Kd7 53.
Kf2 Bb5 54. Rg5 Kc6 55. Rxg7 Ba6 56. Rg5 Kb5 57. f4 Ka4 58. f5 Kxa3 59. f6 Bc4
60. Rg7 Bd5 61. f7 Bxf7 62. Rxf7 Kb4 63. Rxb7+ Kxc5 64. g4 Kd5 65. g5 Ke5 66.
g6 Kf6 67. g7 Ke6 68. g8=Q+ Kf6 69. Qc8 Ke5 70. Qc5+ Ke4 71. Rb4+ Kd5 1-0

[Event "Ogolnopolska Olimpiada Mlodziezy D-12"]
[Site "Spala"]
[Date "1899-12-30"]
[Round "6.12"]
[White "Tarka, Aleksandra"]
[Black "Kawecka, Malgorzata"]
[Result "1/2-1/2"]
[WhiteTitle "II+"]
[BlackTitle "II+"]
[WhiteElo "1349"]
[BlackElo "1238"]

1. e4 d5 2. exd5 Qxd5 3. Nc3 Qa5 4. d4 Nf6 5. Bc4 c6 6. Bd2 Bf5 7. Nf3 e6 8. Qe2
Qc7 9. O-O-O Be7 10. h3 b5 11. Bb3 a5 12. a3 b4 13. axb4 axb4 14. Na2 c5 15. Qb5+
Nbd7 16. dxc5 Bxc5 17. Qc4 Nb6 18. Qb5+ Nbd7 19. Bxb4 Bxb4 20. Nxb4 Ra1+ 21. Kd2
Qf4+ 22. Ke1 Qe4+ 23. Kd2 Qf4+ 24. Ke1 Qe4+ 25. Kd2 Qf4+ 26. Ke1 Qe4+ 27. Kd2
1/2-1/2

[Event "Ogolnopolska Olimpiada Mlodziezy D-12"]
[Site "Spala"]
[Date "1899-12-30"]
[Round "6.13"]
[White "Kaniowska, Anna"]
[Black "Skiba, Aleksandra"]
[Result "1-0"]
[WhiteTitle "II"]
[BlackTitle "II"]
[WhiteElo "1336"]
[BlackElo "1214"]

1. d4 d5 2. c4 e6 3. Nc3 Nf6 4. Bg5 Be7 5. Nf3 Nc6 6. e3 h6 7. Bh4 O-O 8. Rc1 Re8
9. cxd5 Nxd5 10. Bxe7 Ndxe7 11. a3 Ng6 12. Bd3 f5 13. O-O a6 14. Qb3 Kh8 15. Na4
Na5 16. Qc3 Nc6 17. Nc5 Nge7 18. Qb3 Na5 19. Qa4 Nac6 20. Be2 Qd6 21. Ne5 Kg8
22. Bf3 b5 23. Qc2 Ra7 24. Nxc6 Nxc6 25. Nxe6 Rxe6 26. Qxc6 g5 27. Bd5 Kf7 28.
Qxd6 cxd6 29. Rxc8 Ke7 30. Bxe6 Kxe6 31. Rfc1 Kd5 32. Rh8 f4 33. exf4 gxf4 34.
Rxh6 Re7 35. Kf1 a5 36. Rh5+ Kxd4 37. Rxb5 d5 38. Rxa5 Rb7 39. Rd1+ Ke5 40. Rdxd5+
Ke6 41. Rdb5 Rc7 42. Ra6+ Kf7 43. Rf5+ Ke7 44. Rh5 Rc1+ 45. Ke2 Rc2+ 46. Kf3 Rxf2+
47. Kxf2 Kf7 48. Rb5 Ke7 49. Rb7+ Kd8 50. Ra8# 1-0

[Event "Ogolnopolska Olimpiada Mlodziezy D-12"]
[Site "Spala"]
[Date "1899-12-30"]
[Round "6.14"]
[White "Lukaszewska, Magdalena"]
[Black "Tomczak, Marta"]
[Result "0-1"]
[WhiteTitle "II"]
[BlackTitle "II"]
[WhiteElo "1190"]
[BlackElo "1284"]

1. e4 c5 2. Nc3 Nc6 3. g3 Nf6 4. Bg2 d6 5. d3 e5 6. f4 exf4 7. Bxf4 Be7 8. h3 O-O
9. Nf3 Be6 10. O-O Qc8 11. Kh2 d5 12. exd5 Nxd5 13. Nxd5 Bxd5 14. c3 Bf6 15. Bd6
Be7 16. Bf4 b6 17. c4 Be6 18. Ne5 Bd7 19. Nxd7 Qxd7 20. h4 Rad8 21. Bd5 Bf6 22.
Rb1 Nb4 23. Be4 Nxa2 24. Rf2 Nb4 25. Rd2 g6 26. Qf3 Bg7 27. h5 f5 28. Bb7 Rf7
29. Ba8 Qc8 30. Bd5 Nxd5 31. cxd5 Qa8 32. b4 cxb4 33. Rxb4 Bc3 34. Rc4 Bxd2 35.
Bxd2 Qxd5 36. Qe3 Qxd3 37. Qxd3 Rxd3 38. Bh6 Rfd7 39. Rc8+ Rd8 40. Rc7 a5 41.
Rg7+ Kh8 42. Rb7 R3d6 43. Kh3 a4 44. Bc1 Rc6 45. Bb2+ Kg8 46. Rg7+ Kf8 47. h6
Rdc8 48. Rxh7 R6c7 49. Rh8+ Kf7 50. Rh7+ Ke6 51. Rh8 Rxh8 52. Bxh8 Rh7 53. Bg7
a3 54. Kh4 a2 55. Kg5 Rxg7 56. hxg7 Kf7 57. g8=Q+ Kxg8 58. Kxg6 a1=Q 59. Kxf5
Qa4 60. g4 b5 61. g5 b4 62. g6 b3 63. Kf6 b2 64. g7 b1=R 65. Kg6 Qa6+ 66. Kh5
Rb5+ 67. Kg4 Qa4+ 68. Kf3 Rb3+ 69. Ke2 Qa2+ 70. Kd1 Rb1# 0-1

[Event "Ogolnopolska Olimpiada Mlodziezy D-12"]
[Site "Spala"]
[Date "1899-12-30"]
[Round "6.16"]
[White "Hryn, Aleksandra"]
[Black "Mytych, Wiktoria"]
[Result "1/2-1/2"]
[WhiteTitle "II+"]
[BlackTitle "II"]
[WhiteElo "1277"]
[BlackElo "1109"]

1. e4 c6 2. d4 d5 3. Nc3 dxe4 4. Nxe4 Bf5 5. Ng3 Bg6 6. h4 h6 7. Nf3 Nf6 8. h5
Bh7 9. Bd3 Bxd3 10. Qxd3 e6 11. Bd2 Bd6 12. O-O-O Nbd7 13. Qe2 Qc7 14. Nf5 O-O-O
15. Nxd6+ Qxd6 16. Ne5 Rhf8 17. Bc3 Nd5 18. Bd2 Nxe5 19. dxe5 Qc5 20. Kb1 Rd7
21. Rhe1 Kb8 22. Be3 Qe7 23. f4 Rfd8 24. a3 Nxe3 25. Rxd7 Rxd7 26. Qxe3 Qh4 27.
Qe2 Qxf4 28. Rf1 Qg5 29. g4 a6 30. Qe4 Ka7 31. Qe2 Kb8 32. Qe4 1/2-1/2

[Event "Ogolnopolska Olimpiada Mlodziezy D-12"]
[Site "Spala"]
[Date "1899-12-30"]
[Round "6.17"]
[White "Michalska, Aleksandra"]
[Black "Filipska, Maja"]
[Result "1-0"]
[WhiteTitle "II"]
[BlackTitle "I"]
[WhiteElo "1266"]
[BlackElo "1241"]

1. e4 c6 2. d4 d5 3. exd5 cxd5 4. Nf3 Bf5 5. Bf4 Nc6 6. c3 Nf6 7. Nbd2 e6 8. Bb5
Bd6 9. Bxd6 Qxd6 10. Ne5 O-O 11. Bxc6 bxc6 12. Ndf3 Rab8 13. b3 c5 14. O-O cxd4
15. Qxd4 Qb6 16. Qxb6 Rxb6 17. c4 Rc8 18. cxd5 exd5 19. Rac1 Rbb8 20. Nc6 Rb7
21. Nfd4 Kf8 22. Nxf5 Rbc7 23. Nfd4 Ng8 24. b4 a6 25. a4 Ne7 26. b5 axb5 27. axb5
Nxc6 28. Rxc6 Rxc6 29. Nxc6 Rc7 30. h3 Rb7 31. Rb1 Ke8 32. b6 Kd7 33. Na5 Rb8
34. b7 Kc7 35. Kf1 Re8 36. Rc1+ Kb6 37. Rc8 Rxc8 38. bxc8=Q Kxa5 39. Qc5+ Ka6
40. Qxd5 1-0

[Event "Ogolnopolska Olimpiada Mlodziezy D-12"]
[Site "Spala"]
[Date "1899-12-30"]
[Round "6.18"]
[White "Czarniecka, Aleksandra"]
[Black "Tamon, Agata"]
[Result "1-0"]
[WhiteTitle "I"]
[BlackTitle "II"]
[WhiteElo "1247"]
[BlackElo "1056"]

1. e4 e5 2. Nf3 Nc6 3. Bb5 Nf6 4. O-O Bc5 5. c3 O-O 6. d4 Bb6 7. Bg5 h6 8. Bh4
d6 9. Qd3 Bd7 10. Nbd2 a6 11. Bc4 Qe7 12. Rfe1 Rad8 13. h3 Rfe8 14. Rad1 Kh8 15.
Nf1 g5 16. Nxg5 hxg5 17. Bxg5 Kg7 18. Qg3 Rh8 19. Rd3 Kf8 20. Rf3 Rg8 21. Qh4
Ke8 22. Bxf6 Qf8 23. Bg5 Rc8 24. Bxf7+ Qxf7 25. Rxf7 Kxf7 26. Re3 Rg7 27. Bh6
Rh8 28. Rf3+ Ke8 29. Qh5+ Ke7 30. Bg5+ Rxg5 31. Qxg5+ Ke8 32. Qg6+ Kd8 33. Qf6+
Ne7 34. Qxh8+ Be8 35. Rf8 exd4 36. Rxe8+ Kd7 37. Rd8+ Kc6 38. Qe8+ Kc5 39. b4+
Kc4 40. Qxe7 Kxc3 41. Rc8 d3 42. Rxc7+ Bxc7 43. Qxc7+ Kxb4 44. Nd2 b5 45. Qxd6+
Kc3 46. Nb3 a5 47. Qd4+ Kc2 48. Qe3 a4 49. Qc1# 1-0

[Event "Ogolnopolska Olimpiada Mlodziezy D-12"]
[Site "Spala"]
[Date "1899-12-30"]
[Round "6.19"]
[White "Pyzio, Amelia"]
[Black "Maruszczak, Hanna"]
[Result "1-0"]
[WhiteTitle "II+"]
[BlackTitle "II"]
[WhiteElo "1346"]
[BlackElo "1069"]

1. e4 e5 2. Nf3 Nc6 3. Bb5 a6 4. Ba4 Nf6 5. d3 b5 6. Bb3 Be7 7. c3 O-O 8. O-O d5
9. Qe2 Bg4 10. Re1 dxe4 11. dxe4 Na5 12. Nbd2 Nxb3 13. axb3 Bd6 14. Nf1 Bh5 15.
Ng3 Bg6 16. Bd2 h6 17. Rac1 c5 18. c4 b4 19. Rcd1 Qc7 20. Nh4 Bh7 21. Ngf5 Rad8
22. Qf3 Qc6 23. Nxh6+ gxh6 24. Qxf6 Qd7 25. Nf5 Bxf5 26. Bxh6 1-0

[Event "Ogolnopolska Olimpiada Mlodziezy D-12"]
[Site "Spala"]
[Date "1899-12-30"]
[Round "7.1"]
[White "Koruch, Maria"]
[Black "Kucharska, Honorata"]
[Result "1/2-1/2"]
[WhiteTitle "II"]
[BlackTitle "I"]
[WhiteElo "1362"]
[BlackElo "1722"]

1. e4 e6 2. d4 d5 3. exd5 exd5 4. c4 c6 5. Nc3 Nf6 6. Bg5 Be7 7. Bd3 O-O 8. Nge2
Bg4 9. f3 Be6 10. c5 b6 11. b4 a5 12. a3 Nbd7 13. O-O h6 14. Bh4 Re8 15. Rb1 Nf8
16. Na4 N8d7 17. Qc2 b5 18. Nac3 Nf8 19. a4 bxa4 20. Qxa4 axb4 21. Qxb4 N6d7 22.
Bg3 Ng6 23. Na4 Nh4 24. Nb6 Nxb6 25. Qxb6 Bd7 26. Ba6 Bc8 27. Bb7 Bxb7 28. Qxb7
Nf5 29. Qxc6 Bf6 30. Nf4 Bxd4+ 31. Bf2 Bxf2+ 32. Rxf2 Qa5 33. Nxd5 Nd4 34. Qb6
Re1+ 35. Rf1 Rxf1+ 36. Kxf1 Qd2 37. Qb2 Qd3+ 38. Kf2 Nf5 39. Qb3 Qd2+ 40. Kg1
Ra2 41. Nf4 Nd4 42. Qd3 Ne2+ 43. Qxe2 Qd4+ 44. Kf1 Rxe2 45. Nxe2 Qxc5 46. Rc1
Qe5 47. g3 h5 48. Kf2 g5 49. Rc4 Qe6 50. Re4 Qb6+ 51. Kg2 Qb7 52. Kf2 g4 53. Rf4
Qb6+ 54. Kg2 Qe3 55. Ng1 Qd2+ 56. Kh1 gxf3 57. Rxf3 Kg7 58. Nh3 Kg6 59. Rf2 Qd5+
60. Kg1 Qd1+ 61. Kg2 h4 62. Nf4+ Kh6 63. Nh3 Qd5+ 64. Kg1 f5 65. Rf4 Qd1+ 66.
Kg2 Qd5+ 67. Kg1 1/2-1/2

[Event "Ogolnopolska Olimpiada Mlodziezy D-12"]
[Site "Spala"]
[Date "1899-12-30"]
[Round "7.2"]
[White "Waszczuk, Patrycja"]
[Black "Moscicka, Pola"]
[Result "0-1"]
[WhiteTitle "I"]
[BlackTitle "I"]
[WhiteElo "1474"]
[BlackElo "1568"]

1. e4 c5 2. Nf3 d6 3. d4 cxd4 4. Nxd4 Nf6 5. Nc3 a6 6. Be2 e6 7. O-O Nbd7 8. a4
b6 9. f4 Bb7 10. Bf3 Be7 11. Kh1 O-O 12. Qe2 Nc5 13. b4 Ncd7 14. Rb1 Qc7 15. Qd3
Ne8 16. Be3 Rc8 17. Nde2 Bf6 18. Rb3 g6 19. Rd1 Bg7 20. h3 f5 21. Bf2 Ndf6 22.
exf5 exf5 23. Bxb7 Qxb7 24. Qe3 Ne4 25. Nxe4 Qxe4 26. Qxe4 fxe4 27. Bxb6 Rxc2
28. Re3 Rc4 29. Ba5 Rf5 30. g4 Rf7 31. Kg2 Bh6 32. g5 Bf8 33. Rd4 Rxd4 34. Nxd4
d5 35. Kg3 Bd6 36. Ne2 Ng7 37. Kf2 Bxf4 38. Nxf4 Rxf4+ 39. Ke2 Ne6 40. Rc3 d4
41. Rc8+ Kf7 42. b5 axb5 43. axb5 Rf3 44. b6 Rb3 45. Rc4 Rb2+ 46. Kd1 Rb5 47.
Rb4 Rxb4 48. Bxb4 Nd8 49. Bc5 d3 50. Kd2 Ke6 51. Bf2 Kd7 52. Ke3 Ne6 53. h4 Nc5
54. Kd2 Na4 55. b7 Kc7 56. Be1 Kxb7 57. Ke3 Nc5 58. Kd4 Kc6 59. Bb4 Kb5 60. Be1
Ka4 61. Ke3 Kb3 62. Kd2 Kc4 63. Bf2 Nb3+ 64. Kd1 Kc3 65. Be3 d2 66. Bf4 Kd3 67.
Be5 e3 68. Bg3 e2# 0-1

[Event "Ogolnopolska Olimpiada Mlodziezy D-12"]
[Site "Spala"]
[Date "1899-12-30"]
[Round "7.3"]
[White "Harazinska, Magdalena"]
[Black "Kulpa, Zuzanna"]
[Result "1-0"]
[WhiteTitle "I"]
[BlackTitle "II+"]
[WhiteElo "1618"]
[BlackElo "1425"]

1. d4 Nf6 2. c4 e6 3. Nc3 Bb4 4. f3 d5 5. a3 Bxc3+ 6. bxc3 O-O 7. cxd5 exd5 8.
Qc2 h6 9. e3 Re8 10. Bd3 b6 11. Ne2 Bb7 12. O-O c5 13. Ng3 h5 14. Qf2 Qc7 15.
Bd2 Nbd7 16. Rae1 Nf8 17. Re2 c4 18. Bc2 Qe7 19. a4 g6 20. Rfe1 Qd7 21. h3 Bc6
22. Ra1 Re7 23. Qe1 Rae8 24. Qf2 Qc7 25. Rae1 Qd7 26. Ra1 Qc7 27. Nf1 Qd7 28.
g4 N8h7 29. Qh4 g5 30. Qf2 h4 31. Bf5 Qc7 32. Bc1 Ra8 33. Qe1 Qb7 34. Nh2 Kg7
35. Raa2 Rd8 36. a5 bxa5 37. Rxa5 Qb8 38. Rea2 Rde8 39. Nf1 Rb7 40. Qd2 Bd7 41.
Bc2 Bc6 42. Ba3 Rb5 43. Bc5 Rxa5 44. Rxa5 Qd8 45. Rxa7 Nd7 46. Bb4 Qf6 47. Bf5
Nb8 48. Qc2 Nf8 49. Ra1 Ng6 50. Qd2 Ne7 51. e4 dxe4 52. fxe4 Nxf5 53. exf5 Bb7
54. Rd1 Rd8 55. Kf2 Qc6 56. Qxg5+ Kh7 57. Qxh4+ Kg7 58. Qxd8 Qf3+ 59. Ke1 Qe4+
60. Kd2 Qf4+ 61. Kc2 Qf2+ 62. Rd2 Be4+ 63. Kb2 Qxf1 64. Qf8+ Kh7 65. Qxf7+ Kh8
66. Qe8+ 1-0

[Event "Ogolnopolska Olimpiada Mlodziezy D-12"]
[Site "Spala"]
[Date "1899-12-30"]
[Round "7.4"]
[White "Swiech, Joanna"]
[Black "Lascar, Maria Elena"]
[Result "1-0"]
[WhiteTitle "I"]
[BlackTitle "II+"]
[WhiteElo "1598"]
[BlackElo "1299"]

1. c4 c6 2. Nf3 Nf6 3. d4 d5 4. cxd5 cxd5 5. g3 e6 6. Bg2 Bd6 7. O-O O-O 8. Nc3
a6 9. Ne5 Nc6 10. f4 Qc7 11. e3 Nd7 12. Bd2 Bxe5 13. fxe5 Qb6 14. b3 Ne7 15. Ne2
Nf5 16. Nf4 f6 17. Nxd5 Qd8 18. exf6 Nxf6 19. Nxf6+ Rxf6 20. Qe2 Rb8 21. Bc3 Rf7
22. Rad1 Qc7 23. Bb2 b5 24. d5 Qb6 25. Bd4 Nxd4 26. Rxd4 Rxf1+ 27. Qxf1 exd5 28.
Bxd5+ Be6 29. Qf3 Rc8 30. Rd2 Rf8 31. Bxe6+ Qxe6 32. Qd5 Re8 33. Qxe6+ Rxe6 34.
Kf2 Kf7 35. Kf3 Kf6 36. e4 h6 37. Rd5 Rc6 38. e5+ Kf5 39. g4+ Kg5 40. Rd4 Kg6
41. Kf4 Kf7 42. Rd7+ Kf8 43. Rd6 Rxd6 44. exd6 Kf7 45. Kf5 Ke8 46. Kg6 Kd7 47.
Kxg7 Kxd6 48. Kxh6 Kc5 49. g5 Kb4 50. g6 Ka3 51. g7 Kxa2 52. g8=Q b4 53. Qc4 1-0

[Event "Ogolnopolska Olimpiada Mlodziezy D-12"]
[Site "Spala"]
[Date "1899-12-30"]
[Round "7.5"]
[White "Kalinowska, Zuzanna"]
[Black "Poreba, Weronika"]
[Result "1-0"]
[WhiteTitle "I"]
[BlackTitle "I"]
[WhiteElo "1542"]
[BlackElo "1414"]

1. d4 d5 2. Nf3 Nf6 3. c4 dxc4 4. e3 e6 5. Bxc4 c5 6. O-O a6 7. b3 b5 8. Be2 Nc6
9. Bb2 Bb7 10. a4 b4 11. Nbd2 Be7 12. Nc4 O-O 13. Rc1 cxd4 14. Nxd4 Rc8 15. Bf3
Nd5 16. Qe2 Nxd4 17. Bxd4 Bf6 18. Rfd1 Bxd4 19. Rxd4 Qf6 20. Qe1 Qe7 21. Bxd5
Bxd5 22. e4 Bxc4 23. Rdxc4 Rxc4 24. Rxc4 a5 25. h3 h6 26. Qe3 Qd7 27. Rc5 Ra8
28. e5 Qd8 29. Rc4 Rc8 30. Rxc8 Qxc8 31. Kf1 Qc6 32. Qd3 Qd5 33. Qxd5 exd5 34.
Ke2 f6 35. exf6 gxf6 36. Ke3 Kf7 37. Kd4 Ke6 38. g3 Kd6 39. f4 Kc6 40. g4 Kd6
41. h4 Ke6 42. g5 fxg5 43. fxg5 hxg5 44. hxg5 Kd6 45. g6 Ke6 46. g7 Kf7 47. Kxd5
Kxg7 48. Kc5 Kf6 49. Kb5 Ke6 50. Kxa5 Kd7 51. Kxb4 Kc6 52. a5 Kc7 53. Kc5 Kb7
54. b4 Ka7 55. b5 Kb7 56. b6 Kb8 57. Kc6 1-0

[Event "Ogolnopolska Olimpiada Mlodziezy D-12"]
[Site "Spala"]
[Date "1899-12-30"]
[Round "7.6"]
[White "Wolagiewicz, Kinga"]
[Black "Karlyk, Maria"]
[Result "0-1"]
[WhiteTitle "I"]
[BlackTitle "I"]
[WhiteElo "1373"]
[BlackElo "1440"]

1. e4 c5 2. Nf3 e6 3. d4 cxd4 4. Nxd4 Nf6 5. Bd3 Nc6 6. Nxc6 bxc6 7. O-O d5 8.
Qe2 Qc7 9. Kh1 Bd6 10. f4 dxe4 11. Bxe4 Nxe4 12. Qxe4 O-O 13. Bd2 Bb7 14. Nc3
c5 15. Qe1 a6 16. Qg3 f5 17. Rae1 Rf6 18. Rf2 Rg6 19. Qe3 Qf7 20. Qh3 Rh6 21.
Qg3 Qh5 22. Kg1 Rg6 23. Qe3 Rc8 24. g3 c4 25. Na4 Rc6 26. c3 Bc5 27. Nxc5 Rxc5
28. a3 Rd5 29. Qe2 Qh6 30. Qxc4 Rd4 31. Qxd4 Rxg3+ 32. Kf1 Qh3+ 33. Ke2 Qg4+ 34.
Rf3 Qxf3# 0-1

[Event "Ogolnopolska Olimpiada Mlodziezy D-12"]
[Site "Spala"]
[Date "1899-12-30"]
[Round "7.7"]
[White "Raczykowska, Paulina"]
[Black "Rudzinska, Michalina"]
[Result "0-1"]
[WhiteTitle "II+"]
[BlackTitle "I"]
[WhiteElo "1228"]
[BlackElo "1544"]

1. e4 c5 2. Nf3 e6 3. d4 cxd4 4. Nxd4 a6 5. Nc3 Qc7 6. Be2 b5 7. O-O Bb7 8. a3
Nf6 9. Qd3 Nc6 10. Nxc6 dxc6 11. Rd1 Be7 12. f4 Rd8 13. Qf3 O-O 14. Be3 c5 15.
Bd3 c4 16. Bf1 Nxe4 17. Rxd8 Rxd8 18. Nxe4 f5 19. Qf2 Bxe4 20. Bb6 Qc6 21. Kh1
Rd7 22. Bd4 Rd5 23. Bc3 Bc5 24. Qe2 Bd4 25. Bxd4 Rxd4 26. Rd1 Qd6 27. Rxd4 Qxd4
28. c3 Qd5 29. h3 Qd3 30. Kg1 Qxe2 31. Bxe2 Kf7 32. Kf2 Kf6 33. g3 h6 34. h4 g5
35. Ke3 e5 36. hxg5+ hxg5 37. Bf1 exf4+ 38. gxf4 g4 39. Kf2 Ke6 40. Be2 Kd5 41.
Bd1 a5 42. b3 Bf3 43. Bxf3+ gxf3 44. b4 axb4 45. axb4 Ke4 46. Kf1 Kxf4 47. Kf2
Ke4 48. Kf1 Ke3 49. Ke1 f2+ 50. Kf1 f4 0-1

[Event "Ogolnopolska Olimpiada Mlodziezy D-12"]
[Site "Spala"]
[Date "1899-12-30"]
[Round "7.8"]
[White "Tomczak, Marta"]
[Black "Malicka, Maria"]
[Result "1/2-1/2"]
[WhiteTitle "II"]
[BlackTitle "I"]
[WhiteElo "1284"]
[BlackElo "1408"]

1. e4 c5 2. c3 d5 3. exd5 Qxd5 4. d4 Nf6 5. Nf3 Bg4 6. Be2 e6 7. Be3 cxd4 8. cxd4
Nc6 9. Nc3 Qd6 10. O-O Be7 11. h3 Bh5 12. a3 a6 13. Qb3 Qd7 14. Rfd1 Qc7 15. Rac1
O-O 16. d5 exd5 17. Nxd5 Nxd5 18. Rxd5 Bxf3 19. Bxf3 Bf6 20. Rdd1 Rfe8 21. Rc2
Rab8 22. Rdc1 Qe5 23. Qa4 Nd4 24. Bxd4 Qxd4 25. Qxd4 Bxd4 26. Rd1 Red8 27. Rcd2
Bf6 28. Rxd8+ Rxd8 29. Rxd8+ Bxd8 30. Bxb7 a5 31. b4 axb4 32. axb4 f6 33. f3 Kf7
34. b5 Bb6+ 35. Kf1 Ke6 36. Ke2 g5 37. g4 Kd6 38. Kd3 Bd8 39. Ke4 Ke7 40. f4 Bc7
41. fxg5 fxg5 42. Kf5 Bf4 43. b6 Be3 44. Be4 Bxb6 45. Kxg5 Be3+ 46. Kh5 h6 47.
h4 Kf8 48. g5 hxg5 49. Kg4 gxh4 50. Kxh4 1/2-1/2

[Event "Ogolnopolska Olimpiada Mlodziezy D-12"]
[Site "Spala"]
[Date "1899-12-30"]
[Round "7.9"]
[White "Jarocka, Liwia"]
[Black "Kaniowska, Anna"]
[Result "0-1"]
[WhiteTitle "I"]
[BlackTitle "II"]
[WhiteElo "1341"]
[BlackElo "1336"]

1. e4 e5 2. Nf3 Nc6 3. Bb5 a6 4. Ba4 Nf6 5. O-O Be7 6. Re1 b5 7. Bb3 d6 8. c3 O-O
9. h3 Nb8 10. d4 Nbd7 11. Nbd2 Bb7 12. a3 Re8 13. Bc2 Bf8 14. b4 g6 15. Bb2 Bg7
16. Qb1 Nb6 17. Bd3 Na4 18. d5 Qd7 19. c4 c6 20. Bc2 Nxb2 21. Qxb2 bxc4 22. Nxc4
Qc7 23. dxc6 Bxc6 24. Ncd2 d5 25. exd5 Nxd5 26. Nb3 e4 27. Nfd4 e3 28. f3 Qg3
29. Be4 f5 30. Bxd5+ Bxd5 31. Nc5 Be5 32. Nd3 Qh2+ 33. Kf1 Qh1+ 34. Ke2 Qxg2+
35. Kd1 Bxf3+ 36. Kc1 Qxb2+ 37. Nxb2 Bxd4 38. Rb1 Rac8+ 39. Nc4 Rxc4# 0-1

[Event "Ogolnopolska Olimpiada Mlodziezy D-12"]
[Site "Spala"]
[Date "1899-12-30"]
[Round "7.10"]
[White "Bilczewska, Olga"]
[Black "Choinska, Debora"]
[Result "1-0"]
[WhiteTitle "II"]
[BlackTitle "II"]
[WhiteElo "1252"]
[BlackElo "1297"]

1. d4 d5 2. c4 e6 3. Nc3 Nf6 4. cxd5 Nxd5 5. e4 Nxc3 6. bxc3 Be7 7. Nf3 O-O 8.
Bd3 Nd7 9. O-O Re8 10. Qc2 Nf8 11. Rd1 c6 12. Rb1 Qc7 13. e5 Ng6 14. g3 b6 15.
h4 Bb7 16. h5 Nf8 17. Ng5 Bxg5 18. Bxg5 c5 19. Bb5 Rec8 20. h6 a6 21. hxg7 Ng6
22. Be2 Kxg7 23. Bf6+ Kf8 24. Qd2 Ke8 25. dxc5 bxc5 26. Qh6 Nf8 27. Qg7 Rab8 28.
Rbc1 Ba8 29. Rd6 Bb7 30. Rcd1 Ra8 31. Qg8 Bc6 32. Bh5 Rab8 33. Rxe6+ Qe7 34. Rxe7#
1-0

[Event "Ogolnopolska Olimpiada Mlodziezy D-12"]
[Site "Spala"]
[Date "1899-12-30"]
[Round "7.11"]
[White "Wojciechowska, Martyna"]
[Black "Tarka, Aleksandra"]
[Result "0-1"]
[WhiteTitle "II"]
[BlackTitle "II+"]
[WhiteElo "1280"]
[BlackElo "1349"]

1. d4 d5 2. c4 Nc6 3. Nc3 dxc4 4. e3 e5 5. Nf3 Bg4 6. d5 Bxf3 7. Qxf3 Nb4 8. Qd1
Nf6 9. Bxc4 c6 10. e4 Qb6 11. O-O Qc5 12. Bb3 Rd8 13. a3 Na6 14. Qf3 Nc7 15. Bg5
Be7 16. Bxf6 Bxf6 17. Rad1 O-O 18. Rd3 Bg5 19. Rfd1 Nb5 20. Nxb5 Qxb5 21. d6 c5
22. Rc3 Qc6 23. Qd3 b5 24. Qd5 Rc8 25. Qxc6 Rxc6 26. Bd5 Rcc8 27. d7 Rc7 28. b4
c4 29. Rb1 Rd8 30. f3 Rdxd7 31. Kf2 Rd6 32. Ke2 Kf8 33. g3 Ke7 34. h4 Bh6 35.
Rd1 Rcd7 36. Kf2 f6 37. g4 Bf4 38. Kg2 g6 39. Kh3 f5 40. gxf5 gxf5 41. h5 Kf6
42. Kh4 h6 43. Rc2 Rg7 44. Rc3 Rg2 45. Kh3 Rh2# 0-1

[Event "Ogolnopolska Olimpiada Mlodziezy D-12"]
[Site "Spala"]
[Date "1899-12-30"]
[Round "7.12"]
[White "Czarniecka, Aleksandra"]
[Black "Hryn, Zofia"]
[Result "1-0"]
[WhiteTitle "I"]
[BlackTitle "II"]
[WhiteElo "1247"]
[BlackElo "1327"]

1. e4 c5 2. Nf3 d6 3. d4 cxd4 4. Nxd4 Nf6 5. Nc3 a6 6. f4 Nbd7 7. Nf3 Nc5 8. e5
Nfe4 9. Nxe4 Nxe4 10. c3 b5 11. Qd5 Nc5 12. Qxa8 e6 13. Nd4 d5 14. b4 Na4 15.
Bxb5+ axb5 16. Nxb5 Bd7 17. Qxa4 Qb8 18. Be3 Bxb5 19. Qc2 Be7 20. a4 Bc4 21. b5
O-O 22. b6 Qb7 23. a5 Ra8 24. Rg1 Bh4+ 25. Bf2 Be7 26. g4 h6 27. h4 Ba6 28. g5
hxg5 29. hxg5 Rc8 30. Bd4 g6 31. Rh1 Bf8 32. Rh3 Bg7 33. Kd2 Kf8 34. Rh7 Rc4 35.
Ra4 Qc6 36. Rb4 Kg8 37. Rh1 Rxb4 38. cxb4 Qb5 39. Bc3 Qe2+ 40. Kc1 Qe3+ 41. Bd2
Qf3 42. Re1 Bf8 43. Qc3 Qf2 44. Qe3 Qxe3 45. Rxe3 Be7 46. Rb3 Bd8 47. b5 Bc8 48.
Rc3 Bb7 49. a6 Bxb6 50. axb7 Ba7 51. Rc8+ Kg7 52. b8=Q Bxb8 53. Rxb8 d4 54. Rd8
d3 55. b6 f6 56. Rd7+ Kf8 57. b7 Ke8 58. Rc7 f5 59. b8=R# 1-0

[Event "Ogolnopolska Olimpiada Mlodziezy D-12"]
[Site "Spala"]
[Date "1899-12-30"]
[Round "7.13"]
[White "Michalska, Aleksandra"]
[Black "Orlik, Sandra"]
[Result "1/2-1/2"]
[WhiteTitle "II"]
[BlackTitle "II"]
[WhiteElo "1266"]
[BlackElo "1298"]

1. e4 c5 2. Nf3 a6 3. d4 cxd4 4. Nxd4 Nf6 5. Nc3 e5 6. Nf3 Bb4 7. Bd3 O-O 8. O-O
Bxc3 9. bxc3 d5 10. Bg5 dxe4 11. Bxf6 Qxf6 12. Bxe4 Nc6 13. Qe2 Bg4 14. Qe3 Bxf3
15. Bxf3 Rfe8 16. Qe4 Rad8 17. Rab1 Qe7 18. Be2 Qc7 19. h3 b5 20. a4 b4 21. cxb4
Rd4 22. Qf3 Rxb4 23. Rxb4 Nxb4 24. Bxa6 Nxa6 25. Qd3 Nc5 26. Qc4 Qa7 27. Ra1 Kh8
28. a5 f6 29. a6 Ra8 30. c3 h6 31. Qd5 Rb8 32. Kh2 Nd7 33. c4 Nb6 34. Qd3 Rc8
35. Qe4 Rxc4 36. Qb7 Rc7 37. Qe4 Nc8 38. Qd5 Rd7 39. Qe6 Qc7 40. Rc1 Qxc1 41.
Qxd7 Qc5 42. Qd8+ Kh7 43. Qd3+ Kg8 44. Qd8+ Kf7 45. Qd7+ Kg6 46. Qg4+ Kh7 47.
Qf5+ Kh8 48. Qd7 Na7 49. Qd8+ Kh7 50. Qd3+ Kg8 51. Qd8+ Kf7 52. Qd7+ Qe7 53. Qd5+
Kg6 54. Qd3+ f5 55. g4 Kh7 56. Qxf5+ g6 57. Qe4 Kg7 58. Kg2 1/2-1/2